Translate From English to Espanol Quiz - Statistics

General Stats
  • This quiz has been taken 301 times
  • The average score is 13 of 30
Answer Stats
Hint Answer % Correct
Help Ayuda
80%
Computer Computadora
79%
Table Mesa
78%
Television Television
72%
Dictionary Diccionario
71%
Create Crear
67%
Translate Traducir
67%
Ocean Oceano
62%
Answer Respuesta
59%
Microphone Microfono
53%
Disk Disco
50%
Myth Mito
48%
Guardian Guardian
47%
Design Diseno
46%
Quiz Quiz
42%
Insert Insertar
41%
Teacup Taza
38%
Iron Hierro
37%
Location Ubicacion
34%
Promote Promover
32%
Showman Showman
31%
Website Sitio web
31%
Avenger Vengador
31%
Chronicle Chronicle
30%
Goose Ganso
24%
Hawk Halcon
20%
Workout Entrenamiento
12%
Backspace Retroceso
9%
Stream Corriente
5%
Wonder Pregunto
3%
No matching quizzes found
Score Distribution
Percent of People with Each Score
Percentile by Number Answered
Your Score History
You have not taken this quiz